Human Diseases - Sudden Death - Statistics

General Stats
  • This quiz has been taken 1,637 times
    385 since last reset
  • The average score is 10 of 50
Answers on the Grid
Answers color-coded by a green-red scale on the quiz's grid according to % correct below.
Hemophilia
Burnout
Scleroderma
AIDS
Jet lag
Pleurisy
Cirrhosis
Agoraphobia
Melasma
Tonsillitis
Cetirizine
Asthma
Sunburn
Kleptomania
Chlamydia
Dyslexia
Leukemia
Cholera
Vampirism
Aphasia
Dyscalculia
Fibromyalgia
Ghosting
Xanthine
Cooties
Lichen planus
Insomnia
Malaria
Sepsis
Déjà vu
Appendicitis
Meningitis
Histamine
Melatonin
Sinusitis
Metamorphosis
Francophilia
Gonorrhoea
Hikikomori
Aerophobia
Laparoscopy
Flu
Chickenpox
Aniline
Trazodone
Depression
Procrastination
Ewing sarcoma
Wanderlust
Polio
Measles
Gerrymandering
Lupus
Nostalgia
Arthritis
Rosacea
Telekinesis
Gout
Syphilis
Hemophobia
Endometriosis
Vasectomy
Alkaptonuria
Trypsin
Diabetes
Cerebral palsy
Palmistry
Gastroenteritis
Stage fright
Kuru
Pneumonia
Xenophilia
Tetanus
Melomania
Conjunctivitis
Rubella
Plutocracy
Impetigo
Naproxen
Atherosclerosis
Voriconazole
Mumps
Paramagnetism
Mimesis
Bronchitis
Levitation
Telepathy
Psoriasis
Gallstones
Butterfly effect
Cystitis
Vasculitis
Pyrokinesis
Osteoporosis
Menopause
Colic
Shingles
Dandruff
Jaundice
Zits
 
Answer Stats
Answer % Correct
AIDS
59%
Tonsillitis
40%
Cirrhosis
39%
Hemophilia
39%
Leukemia
39%
Asthma
36%
Gonorrhoea
30%
Syphilis
28%
Cholera
27%
Chickenpox
26%
Chlamydia
25%
Flu
25%
Lupus
25%
Measles
25%
Meningitis
25%
Bronchitis
24%
Diabetes
24%
Fibromyalgia
24%
Malaria
24%
Polio
24%
Appendicitis
23%
Gout
21%
Tetanus
21%
Arthritis
20%
Mumps
20%
Osteoporosis
20%
Cerebral palsy
19%
Sepsis
19%
Shingles
19%
Psoriasis
18%
Scleroderma
17%
Endometriosis
16%
Pleurisy
16%
Rubella
16%
Conjunctivitis
15%
Pneumonia
14%
Gastroenteritis
12%
Cystitis
11%
Ewing sarcoma
10%
Impetigo
9%
Sinusitis
8%
Atherosclerosis
7%
Depression
7%
Gallstones
7%
Rosacea
7%
Vasculitis
7%
Kuru
4%
Alkaptonuria
2%
Kleptomania
2%
Lichen planus
2%
No matching quizzes found
Score Distribution
Percent of People with Each Score
Percentile by Number Answered
Your Score History
You have not taken this quiz since the last reset